MARC Record
Leader
003
BE-GnUNI
007
't'u
035
a| (MSK)314000218
084
a| II.B.527
245
0
0
a| Gustaaf C. De Bruyne - Koeier.
546
a| Nederlands
500
a| Tijdschriften
852
4
b| MSK
c| MSK
j| II.B.527
920
a| tijdschrift
001
000044417
005
20241224121705.0